Lineage Life and Labors of Jose Rizal (Record no. 83484)

MARC details
000 -LEADER
fixed length control field 00350nam a22001457a 4500
003 - CONTROL NUMBER IDENTIFIER
control field URS
005 - DATE AND TIME OF LATEST TRANSACTION
control field 20250709162650.0
040 ## - CATALOGING SOURCE
Transcribing agency URS
050 ## - LIBRARY OF CONGRESS CALL NUMBER
Classification number DS 675
Item number C8 1973
100 ## - MAIN ENTRY--PERSONAL NAME
Personal name Craig, Austin
Dates associated with a name 1973
Relator term Author
245 ## - TITLE STATEMENT
Title Lineage Life and Labors of Jose Rizal
264 ## - PRODUCTION, PUBLICATION, DISTRIBUTION, MANUFACTURE, AND COPYRIGHT NOTICE
Place of production, publication, distribution, manufacture Manila:
Name of producer, publisher, distributor, manufacturer Tulay Foundation,
Date of production, publication, distribution, manufacture, or copyright notice [1973]
300 ## - PHYSICAL DESCRIPTION
Extent 317 pages
942 ## - ADDED ENTRY ELEMENTS (KOHA)
Source of classification or shelving scheme Library of Congress Classification
Koha item type Filipiniana
Holdings
Withdrawn status Source of classification or shelving scheme Damaged status Not for loan Home library Current library Date acquired Total Checkouts Full call number Barcode Date last seen Price effective from Koha item type
  Library of Congress Classification     Binangonan College Library Binangonan College Library 07/09/2025   DS 675 C8 1973 URSBIN-4050 07/09/2025 07/09/2025 Filipiniana

University of Rizal System
Email us at univlibservices@urs.edu.ph

Visit our Website www.urs.edu.ph/library